Mała encyklopedia prakseologii i teorii organizacji / (Rekord nr 9740)
| 000 -ETYKIETA REKORDU | |
|---|---|
| podpole kontrolne o stałej długości | 01663nam a2200469 i 4500 |
| 001 - NUMER KONTROLNY REKORDU | |
| pole kontrolne | 9740 |
| 003 - IDENTYFIKATOR NUMERU KONTROLNEGO REKORDU | |
| podpole kontrolne | KOSZ 005 |
| 005 - DATA OSTATNIEJ MODYFIKACJI REKORDU | |
| podpole kontrolne | 20191122083041.0 |
| 008 - POLE O STAŁEJ DŁUGOŚCI - DANE KONTROLNE | |
| podpole kontrolne o stałej długości | 980916s1978 pl a f |001 0 pol |
| 015 ## - NUMER BIBLIOGRAFII NARODOWEJ | |
| Numer bibliografii narodowej | PB 1979/1511 |
| 035 ## - NUMER SYSTEMOWY | |
| Numer systemowy przejętego rekordu | 991005513469705066 |
| 035 ## - NUMER SYSTEMOWY | |
| Numer systemowy przejętego rekordu | (PL-WaBN)b11441136-48omnis_nlop |
| 035 ## - NUMER SYSTEMOWY | |
| Numer systemowy przejętego rekordu | b11441136 |
| 035 ## - NUMER SYSTEMOWY | |
| Numer systemowy przejętego rekordu | (OCoLC)830135288 |
| 035 ## - NUMER SYSTEMOWY | |
| Numer systemowy przejętego rekordu | (PL)b0000001144113 |
| 035 ## - NUMER SYSTEMOWY | |
| Numer systemowy przejętego rekordu | (EXLNZ-48OMNIS_NETWORK)9910015417305606 |
| 040 ## - ŹRÓDŁO KATALOGOWANIA | |
| Instytucja, która sporządziła opis | WA N |
| Instytucja, która utworzyła rekord | WA N |
| Instytucja, która dokonała modyfikacji | KOSZ 005/EG |
| 046 ## - DATY KODOWANE | |
| Pojedyncza data lub początek okresu powstania dzieła lub zbioru dzieł | 1978 |
| 080 ## - UNIWERSALNA KLASYFIKACJA DZIESIĘTNA - UKD | |
| UKD | 005.1 |
| 080 ## - UNIWERSALNA KLASYFIKACJA DZIESIĘTNA - UKD | |
| UKD | (03) |
| 100 1# - NAZWA OSOBOWA | |
| Nazwa osobowa | Pszczołowski, Tadeusz |
| Daty związane z nazwą | (1922-1999) |
| Określenie rodzaju współpracy | Autor |
| 245 10 - TYTUŁ/ODPOWIEDZIALNOŚĆ | |
| Tytuł | Mała encyklopedia prakseologii i teorii organizacji / |
| Pozostałe elementy strefy tytułu i oznaczenia odpowiedzialności | Tadeusz Pszczołowski ; Zakład Prakseologii Instytutu Filozofii i Socjologii PAN. |
| 260 ## - STREFA ADRESU WYDAWNICZEGO | |
| Miejsce wydania | Wrocław : |
| Nazwa wydawcy/dystrybutora | Zakł. Nar. im. Ossolińskich, |
| Data publikacji, dystrybucji/powstania dokumentu | 1978. |
| 300 ## - STREFA OPISU FIZYCZNEGO | |
| Objętość | 346 s. : |
| Inne cechy fizyczne | il., tabl., wykr. ; |
| Rozmiary | 25 cm. |
| 336 ## - TYP ZAWARTOŚCI | |
| Źródło (terminu i kodu) | rdacontent |
| Termin opisujący typ zawartości | Tekst |
| Kod określający zawartość | txt |
| 337 ## - TYP MEDIÓW | |
| Źródło (terminu i kodu) | rdamedia |
| Tryb odtwarzania | Bez urządzenia pośredniczącego |
| Kod typu mediów | n |
| 338 ## - TYP/RODZAJ NOŚNIKA | |
| Źródło (terminu i kodu) | rdacarrier |
| Hasło opisujące typ nośnika | Wolumin |
| Kod typu nośnika | nc |
| 380 ## - FORMA I TYP PUBLIKACJI | |
| Forma i typ publikacji | Książki |
| 380 ## - FORMA I TYP PUBLIKACJI | |
| Forma i typ publikacji | Publikacje informacyjne |
| 388 ## - CZAS POWSTANIA | |
| Czas powstania | 1901-2000 |
| 388 ## - CZAS POWSTANIA | |
| Czas powstania | 1945-1989 |
| 500 ## - UWAGI OGÓLNE | |
| Tekst uwagi | Indeksy. |
| 650 #7 - HASŁO PRZEDMIOTOWE W FORMIE NAZWY OGÓLNEJ LUB JEDNOSTKOWEJ | |
| Nazwa ogólna lub geograficzna | Organizacja |
| Źródło hasła lub terminu | DBN |
| 650 #7 - HASŁO PRZEDMIOTOWE W FORMIE NAZWY OGÓLNEJ LUB JEDNOSTKOWEJ | |
| Nazwa ogólna lub geograficzna | Prakseologia |
| Źródło hasła lub terminu | DBN |
| 655 #7 - TERMIN INDEKSOWY - OKREŚLENIE RODZAJU/FORMY DOKUMENTU | |
| Określenie rodzaju/formy dokumentu | Encyklopedia |
| Źródło terminu | DBN |
| 658 ## - TERMIN INDEKSOWY - PRZEDMIOT PROGRAMU NAUCZANIA | |
| Główny przedmiot programu nauczania | Zarządzanie i marketing |
| 710 2# - HASŁO DODATKOWE - NAZWA CIAŁA ZBIOROWEGO | |
| Nazwa ciała zbiorowego lub jednostki geograficznej | Zakład Prakseologii Instytutu Filozofii i Socjologii PAN |
| 710 2# - HASŁO DODATKOWE - NAZWA CIAŁA ZBIOROWEGO | |
| Nazwa ciała zbiorowego lub jednostki geograficznej | Zakład Narodowy im. Ossolińskich |
| Nazwa jednostki podrzędnej | Wydawnictwo |
| 856 ## - LOKALIZACJA I DOSTĘP DO ELEKTRONICZNYCH DOKUMENTÓW ZDALNYCH | |
| Link (URL) | http://koha.tu.koszalin.pl/cgi-bin/koha/opac-detail.pl?biblionumber=9740 |
| Tekst linku | Katalog online BPK |
| 942 ## - DODATKOWE ELEMENTY (KOHA) | |
| Schemat klasyfikacji | Uniwersalna Klasyfikacja Dziesiętna |
| Typ dokumentu | Książka |
| Wycofany | Status egzemplarza | Uszkodzony | Dostępność | Lokalizacja stała | Lokalizacja bieżąca | Miejsce przechowywania | Sygnatura | Kod kreskowy | Ostatnio wypożyczono | Typ dokumentu | Dział |
|---|---|---|---|---|---|---|---|---|---|---|---|
| Dostępny | Biblioteka Politechniki Koszalińskiej | Biblioteka Politechniki Koszalińskiej | Wypożyczalnia BG | 25063 | 02186733 | 10.01.2015 | Książka | ||||
| Dostępny | Biblioteka Politechniki Koszalińskiej | Biblioteka Politechniki Koszalińskiej | Wypożyczalnia BG | 25063/L | 01246346 | Książka | |||||
| Dostępny | Biblioteka Politechniki Koszalińskiej | Biblioteka Politechniki Koszalińskiej | Wypożyczalnia BG | 25064 | 02113029 | Książka | |||||
| Dostępny | Biblioteka Politechniki Koszalińskiej | Biblioteka Politechniki Koszalińskiej | Wypożyczalnia BG | 25064/L | 01399257 | Książka | |||||
| Tylko na miejscu | Biblioteka Politechniki Koszalińskiej | Biblioteka Politechniki Koszalińskiej | Czytelnia BG | 25065 | 01804621 | Książka | 005.1 Teoria zarządzania | ||||
| Tylko na miejscu | Biblioteka Politechniki Koszalińskiej | Biblioteka Politechniki Koszalińskiej | Czytelnia Wydziałowa ul. Kwiatkowskiego 6e | 37914 | 01051353 | Książka | 0/9(03) Encyklopedie. Słowniki |
